| 000 | 00589cam a2200205ua 4500 | ||
|---|---|---|---|
| 001 | 11431 | ||
| 005 | 20260515114743.0 | ||
| 008 | 190919n ii |||gr||||Z||||||eng | ||
| 020 | _a9789386302410 | ||
| 040 | _cMAIN | ||
| 041 | _aeng | ||
| 082 | _a303.372 | ||
| 100 |
_aBibeka Nanda Gogoi, _eAuthor. |
||
| 245 |
_aPrevalence of social justice in Guwahati city : _basocial geographiv analysis from Dwellers perspective / _cBy Bibeka Nanda Gogoi . |
||
| 250 | _a1st ed. | ||
| 260 |
_aGuwahati: _bEBHpublishers, _c2018. |
||
| 300 | _a236p. | ||
| 653 | _aSocial processes | ||
| 942 | _cBK | ||
| 999 |
_c10261 _d10261 |
||